000 00222nam a22000857a 4500
999 _c11010
_d11010
008 180719b ||||| |||| 00| 0 eng d
100 _aHelfand
_96780
245 _aThe Industrial Revolution
260 _aNew Delhi
_bCampfire
_c2016